MARC details
| 000 -LEADER |
| fixed length control field |
01104nab a2200301 u 4500 |
| 001 - CONTROL NUMBER |
| control field |
06366 |
| 003 - CONTROL NUMBER IDENTIFIER |
| control field |
HDC |
| 007 - PHYSICAL DESCRIPTION FIXED FIELD--GENERAL INFORMATION |
| fixed length control field |
cr bn --- |
| 008 - FIXED-LENGTH DATA ELEMENTS--GENERAL INFORMATION |
| fixed length control field |
210123p2012 n |0 eng |
| 022 ## - INTERNATIONAL STANDARD SERIAL NUMBER |
| International Standard Serial Number |
1762-1772 |
| 040 ## - CATALOGING SOURCE |
| Original cataloging agency |
HDC |
| 100 ## - MAIN ENTRY--PERSONAL NAME |
| Personal name |
M.E. Ali |
| 9 (RLIN) |
6737 |
| 245 #0 - TITLE STATEMENT |
| Title |
Development of swine-specific DNA markers for biosensor-based halal authentication / |
| Statement of responsibility, etc. |
M.E. Ali, U. Hashim, M. Kashif, S. Mustafa, Y.B. Che Man and S.B. Abd Hamid |
| 260 ## - PUBLICATION, DISTRIBUTION, ETC. |
| Place of publication, distribution, etc. |
[No place] |
| Name of publisher, distributor, etc. |
FUNPEC-RP www.funpecrp.com.br, |
| Date of publication, distribution, etc. |
2012 |
| 336 ## - CONTENT TYPE |
| Content type term |
text |
| Source |
rdacontent |
| 337 ## - MEDIA TYPE |
| Media type term |
computer |
| Source |
rdamedia |
| 338 ## - CARRIER TYPE |
| Carrier type term |
online resource |
| Source |
rdacarrier |
| 650 ## - SUBJECT ADDED ENTRY--TOPICAL TERM |
| Topical term or geographic name entry element |
Amplicon length |
| 9 (RLIN) |
6742 |
| 650 ## - SUBJECT ADDED ENTRY--TOPICAL TERM |
| Topical term or geographic name entry element |
In silico digestion |
| 9 (RLIN) |
6738 |
| 650 ## - SUBJECT ADDED ENTRY--TOPICAL TERM |
| Topical term or geographic name entry element |
Intra- and interspecies polymorphisms |
| 9 (RLIN) |
6739 |
| 650 ## - SUBJECT ADDED ENTRY--TOPICAL TERM |
| Topical term or geographic name entry element |
Mitochondrial genome |
| 9 (RLIN) |
6741 |
| 650 ## - SUBJECT ADDED ENTRY--TOPICAL TERM |
| Topical term or geographic name entry element |
Protein coding genes |
| 9 (RLIN) |
6743 |
| 650 ## - SUBJECT ADDED ENTRY--TOPICAL TERM |
| Topical term or geographic name entry element |
Restriction enzyme |
| 9 (RLIN) |
6740 |
| 856 ## - ELECTRONIC LOCATION AND ACCESS |
| Public note |
Request full-text at [email protected] |
| 942 ## - ADDED ENTRY ELEMENTS (KOHA) |
| Source of classification or shelving scheme |
Library of Congress Classification |
| 942 ## - ADDED ENTRY ELEMENTS (KOHA) |
| Koha item type |
Articles |
| 942 ## - ADDED ENTRY ELEMENTS (KOHA) |
| Call number prefix |
JART 000534 |